00502nam a2200157Ia 4500008004100000020001800041050003200059100002200091245008800113250001800201260006400219300002100283521000900304942001200313999001900325140626s9999 xx 000 0 und d a9789719919247 aHF 5635b.V238 2012 vol.3  aValix, Conrado T. a Financial accounting /cConrado T. Valix, Jose F. Peralta, Christian Aris M. Valix a2012 Rev. ed. aManila, Philippines :bGIC Enterprises & Co., Inc.,cc2012. a952 p. ;c22 cm. aBSBA kLOCcBK c121506d121506